1931 1107 1533 1999 1093 1234 1103 1435 1510 1169 1783 1590 1638 1052 1885 1233 1225 1629 1404 1563 1759 1047 1051 1260 1948 1778 1458 1390 1510 1960 1687 1210 1533 1672 1466 1435 1032 1086 1965 1644 1777 1642 1791 1331 1474 1696 1484 1073 1745 1955 1980 1435 1872 1095 1869 1747 1161 1881 1420 1253 1503 1055 1855 1003 1874 1810 1347 1865 1766 1053 1700 1280 1188 1814 1372 1503 1015 1861 1687 1468 1822 1414 1522 1386 1239 1922 1239 1800 1362 1037 1680 1610 1099 1564 1335 1347 1310 1325 1039 BCNSPRNW ULIB Ver.6.0+V

เปลี่ยนเป็นภาษาไทย

Change to English
 แสดงรายละเอียดบรรณานุกรม
  กลับหน้าหลัก

Brief Record : Get Marc (ISO 2709) : E-mail record : QR code < ปิดหน้าต่าง
LEADER : 00000nam 2200000uu 4500
001    13399114894
003     ULIB
008    120619s2553||||th 000 0 tha d
020    ^a9789748420585
050  4 ^aBF637.S8^bอ598ด ล.3
100 0  ^aอาจอง ชุมสาย ณ อยุธยา
245 10 ^aด้วยรักบันดาล...นิทานสีขาว /^cเล่าเรื่องโดย อาจอง ชุมสาย ณ อยุธยา ;สุพัตรา แซ่ลิ่ม เรียบเรียง ;[บรรณาธิการ อิศวเรศ ตโมนุท]
250    ^aพิมพ์ครั้งที่ 5
260    ^aกรุงเทพฯ :^bฟรีมายด์,^c2553
300    ^a195 หน้า :^bภาพประกอบ
650  4 ^aนิทานสอนใจ
650  4 ^aการดำเนินชีวิต
650  4 ^aความสำเร็จ
650  4 ^aนิทานคติธรรม
700 0  ^aสุพัตรา แซ่ลิ่ม
700 0  ^aอิศวเรศ ตโมนุท,^eบรรณาธิการ
945    ^p185^l0^i032057
995    ^a เกษร
999    ^aใช้งานได้ทุกระบบ
รายการนี้ยังไม่มีแท็ก
คุณยังไม่ได้ล็อกอิน คุณสามารถมีกิจกรรมร่วมกับเว็บไซต์ได้ แต่ต้องล็อกอินก่อน ::
  ล็อกอิน

รายการสื่อสารสนเทศ

ลำดับที่ ประเภท เลขเรียก/บาร์โค้ด สถานที่ สถานะ
- ไม่พบข้อมูล -

รายการใกล้เคียง
    ผู้แต่ง [อาจอง ชุมสาย ณ อยุธยา]

    หัวเรื่อง [นิทานสอนใจ]
    หัวเรื่อง [การดำเนินชีวิต]
    หัวเรื่อง [ความสำเร็จ]
    หัวเรื่อง [นิทานคติธรรม]

BibComment


ยังไม่เคยถูกคอมเมนท์

คอมเมนท์ทรัพยากรรายการนี้
  คอมเมนท์: ด้วยรักบันดาลนิท..


 Copyright 2026. Bcnsprnw @Library